000 00621nam a2200193Ia 4500
003 GCL
008 140319s9999 xx 000 0 ara d
040 _aGCL /
_cGCL
082 0 4 _a521.75
_bم ف
100 1 _aمحمد فتحى عوض الله
245 1 0 _aالفضاء والشهب /
_cمحمد فتحى عوض الله
700 1 _aمحمد رضا مدور (مراجع)
260 _a[S.N] :
_bالهيئة المصرية العامة للكتاب ،
_c1973
300 _a111 ص
490 _aالعلم للجميع
_v0
650 0 4 _aالفضاء الخارجى
650 0 4 _aالنيازك
942 _2ddc
_cBK
999 _c57909
_d57909